000 02486nam0a2200421 4500
001 RU\NLR\BIBL_A\022635106
005 20251217100945.0
010 _a978-5-0054-3506-4
_9200
021 _aRU
_bКН-П-25-048350
_9КН-П-25-4681
035 _a(NLR Aleph) 022635106
090 _a13506618
_c13506618
100 _a20251002d2025 u y0rusy50 ca
101 0 _arus
102 _aRU
105 _aa j 000yy
181 0 _ai
_bxxxe
182 0 _an
200 1 _aОсновы анатомии и физиологии кожи и волос
_eучебник
_eдля студентов, обучающихся по специальности среднего профессионального образования "Технологии индустрии красоты"
_fЕ. А. Соколова
203 _aТекст
_bвизуальный
_cнепосредственный
205 _a6-е изд., стер.
210 _aМосква
_cАкадемия
_d2025
215 _a62, [1] с.
_cил., цв. ил., табл.
_d21
225 1 _aПрофессиональное образование
_iОбщепрофессиональные дисциплины
320 _aБиблиогр.: с. 61
333 _a12+
606 1 _aКожа
_xАнатомия
_jУчебники для среднего профессионального образования
_2nlr_sh1
_2nlr_sh2
_3RU\NLR\AUTH\66193430
606 1 _aКожа
_xФизиология
_jУчебники для среднего профессионального образования
_2nlr_sh1
_2nlr_sh2
_3RU\NLR\AUTH\66582563
606 1 _aВолосы
_xФизиология
_jУчебники для среднего профессионального образования
_2nlr_sh2
_3RU\NLR\AUTH\661531378
606 1 _aКожа
_xУход
_jУчебники для среднего профессионального образования
_2nlr_sh1
_2nlr_sh2
_3RU\NLR\AUTH\661321401
606 1 _aВолосы
_xУход
_jУчебники для среднего профессионального образования
_2nlr_sh1
_2nlr_sh2
_3RU\NLR\AUTH\661401132
686 1 _aЕ942.3я723-1
686 1 _aЕ864.7я723-1
686 1 _aР120.41я72-1
700 1 _aСоколова
_bЕ. А.
_cврач-гигиенист
_gЕлена Алексеевна
_3RU\NLR\AUTH\7791445
942 _cBOOK
980 _aNB